|
|
|
|
| LEADER |
00000nam a2200000 a 4500 |
| 005 |
20110714100326.0 |
| 008 |
010504s2000 sp d || 000 ||spa|c |
| 020 |
|
|
|a 8470887009
|
| 035 |
|
|
|a 5632
|
| 040 |
|
|
|d vLex
|
| 043 |
|
|
|a e-sp---
|b e-sp---
|2 catmarc
|a e-gx---
|
| 080 |
|
|
|a 353.073.52(460+430)
|
| 090 |
|
|
|c 2220
|d 2220
|
| 245 |
0 |
3 |
|a El Sistema de financiacin̤ territorial en los modelos de estado espaǫl y alemǹ
|h [Recurso electrn̤ico]
|
| 256 |
|
|
|a Servicio en ln̕ea.
|
| 260 |
|
|
|a Madrid :
|b Ministerio de Administraciones Pb︢licas. Instituto Nacional de Administracin̤ Pb︢lica,
|c 2000
|
| 300 |
|
|
|a 271 p. :
|b il.;
|c 24 cm
|
| 504 |
|
|
|a Bibliografa̕
|
| 506 |
1 |
|
|a Contenido solo disponible en los productos indicados
|d vLex Global
|d vLex Global (Academic Edition, excluding Law Schools)
|d vLex Global (U.S. Academic Edition, Law Schools)
|d vLex Global (U.S. Academic Edition, excluding Law Schools)
|d vLex Global (Academic Edition, Law Schools)
|
| 650 |
0 |
7 |
|a Derecho fiscal
|2 Tesauro vLex
|
| 650 |
0 |
7 |
|a Derecho presupuestario
|2 Tesauro vLex
|
| 650 |
0 |
7 |
|a Fuentes de financiacin̤
|2 Tesauro vLex
|
| 650 |
0 |
7 |
|2 Tesauro vLex
|a Hacienda Pb︢lica
|
| 650 |
0 |
7 |
|2 Tesauro vLex
|a Financiacin̤ pb︢lica
|
| 650 |
0 |
7 |
|2 Tesauro vLex
|a Polt̕ica fiscal
|
| 710 |
1 |
|
|a Espaą.
|b Ministerio para las Administraciones Pb︢licas
|
| 740 |
0 |
|
|a vLex Libros (Servicio en ln̕ea)
|
| 830 |
|
0 |
|a Informes y documentos (Espaą. Ministerio de Administraciones Pb︢licas).
|p Administraciones territoriales
|
| 856 |
4 |
0 |
|a Acceso restringido
|u http://vlex.com/source/financiacion-territorial-modelos-espanol-aleman-5632
|
| 942 |
|
|
|c BOOK
|